[Event "Cesenatico Open 2019"]
[Site "Cesenatico"]
[Date "2019.09.04"]
[Round "2"]
[White "Tonetto, Federico"]
[Black "Dittmar, Peter"]
[Result "1/2-1/2"]
[WhiteElo "1916"]
[BlackElo "2259"]
[Annotator "ChessBase"]
[PlyCount "78"]
[EventDate "2019.09.01"]
[EventType "swiss"]
[EventCountry "ITA"]
[SourceTitle "playchess.com"]
[Source "ChessBase"]
[SourceQuality "1"]
[TimeControl "40/6000:900"]

1. e4 {[%emt 0:00:00]} c6 {[%emt 0:02:00]} 2. d4 {[%emt 0:00:00]} d5 {[%emt 0:00:00]} 3. Nd2 {[%emt 0:00:00]} Qc7 {[%emt 0:00:00]} 4. Bd3 {[%emt 0:00:00]} dxe4 {[%emt 0:00:00]} 5. Nxe4 {[%emt 0:00:00]} Bf5 {[%emt 0:00:00]} 6. Nc5 {[%emt 0:03:00]} Bxd3 {[%emt 0:01:00]} 7. Nxd3 {[%emt 0:00:00]} e6 {[%emt 0:00:00]} 8. Bf4 {[%emt 0:00:00]} Bd6 {[%emt 0:00:00]} 9. Bxd6 {[%emt 0:00:00]} Qxd6 10. Qg4 {[%emt 0:00:00]} g6 {[%emt 0:00:00]} 11. Nf3 {[%emt 0:00:00]} Nf6 12. Qg5 {[%emt 0:07:00]} Nbd7 {[%emt 0:03:00]} 13. O-O {[%emt 0:00:00]} h6 {[%emt 0:01:00]} 14. Qa5 {[%emt 0:06:00]} O-O {[%emt 0:01:00]} 15. Rfe1 {[%emt 0:01:00]} Rfd8 {[%emt 0:01:00]} 16. Rad1 {[%emt 0:03:00]} b6 17. Qd2 {[%emt 0:02:00]} Kg7 {[%emt 0:03:00]} 18. Qe2 {[%emt 0:06:00]} Qc7 {[%emt 0:00:00]} 19. c3 {[%emt 0:07:00]} c5 {[%emt 0:05:00]} 20. dxc5 Nxc5 {[%emt 0:00:00]} 21. Nxc5 {[%emt 0:01:00]} Qxc5 {[%emt 0:00:00]} 22. Rd3 Rxd3 {[%emt 0:02:00]} 23. Qxd3 {[%emt 0:14:00]} Qd5 24. Qxd5 {[%emt 0:01:00]} Nxd5 {[%emt 0:00:00]} 25. Re4 {[%emt 0:04:00]} Rc8 26. Kf1 {[%emt 0:01:00]} Rc7 {[%emt 0:13:00]} 27. Ke2 {[%emt 0:00:00]} Nf6 28. Rd4 {[%emt 0:07:00]} Nd7 {[%emt 0:00:00]} 29. Nd2 {[%emt 0:12:00]} Nc5 {[%emt 0:02:00]} 30. Ne4 {[%emt 0:01:00]} Nxe4 31. Rxe4 {[%emt 0:00:00]} Kf6 {[%emt 0:01:00]} 32. Ke3 {[%emt 0:02:00]} Ke7 33. Kd3 {[%emt 0:00:00]} f5 {[%emt 0:03:00]} 34. Rc4 {[%emt 0:00:00]} Rd7+ {[%emt 0:01:00]} 35. Rd4 {[%emt 0:05:54]} Rb7 {[%emt 0:00:00]} 36. f4 {[%emt 0:00:47]} g5 {[%emt 0:00:00]} 37. g3 {[%emt 0:00:04]} Rc7 {[%emt 0:00:00]} 38. Rc4 {[%emt 0:00:57]} Rd7+ {[%emt 0:00:00]} 39. Rd4 {[%emt 0:00:00]} Rc7 {[%emt 0:00:00]} 1/2-1/2

[Event "Cesenatico Open 2019"]
[Site "Cesenatico"]
[Date "2019.09.03"]
[Round "3"]
[White "Lalic, Bogdan"]
[Black "De Santis, Alessio"]
[Result "1-0"]
[WhiteElo "2418"]
[BlackElo "2209"]
[Annotator "TA"]
[PlyCount "119"]
[EventDate "2019.08.09"]
[EventType "swiss"]
[EventCountry "ITA"]
[SourceTitle "playchess.com"]
[Source "ChessBase"]
[SourceQuality "1"]

{[%evp 10,119,29,20,44,47,45,43,39,48,34,44,38,35,65,65,74,66,69,61,61,72,68,76,76,43,115,104,101,107,85,96,122,105,189,70,126,126,127,131,127,107,112,117,145,122,127,134,172,174,246,129,247,239,213,234,448,424,732,687,645,515,795,875,941,1529,1600,1526,1393,1311,1008,976,764,634,544,464,223,162,162,162,5522,98,29969,29970,29967,29969,29974,29975,29975,29976,29976,29977,29976,29977,29979,29976,29976,29982,29985,29986,29986,29987,29987,29988,29989,29989,29990,29991,29992,29991,29992,29993]} 1. d4 Nf6 2. c4 e6 3. g3 d5 4. Bg2 dxc4 5. Nf3 Nbd7 6. O-O a6 {E04: Open Catalan: 5 Nf3} 7. a4 Rb8 8. a5 Bd6 {White is slightly better.} 9. Nbd2 b5 10. axb6 $1 Nxb6 11. e4 {And now e5 would win.} (11. Nxc4 Nxc4 12. Qa4+ Rb5 13. Qxc4 O-O 14. Rd1 {½-½ (30) Eljanov,P (2700)-Adly,A (2626) Sharjah 2018}) 11... Be7 $146 ({Predecessor:} 11... Bb4 12. Ne5 Bb7 13. Ndxc4 O-O 14. Qd3 {1-0 (58) Meins,G (2450)-Proehl,H (2395) Germany 1998}) 12. Ne5 Bb7 13. Ndxc4 Nxc4 14. Qa4+ Nd7 15. Nxc4 O-O 16. Qc2 $36 {[%mdl 2048] Black is under strong pressure.} Nb6 17. Na5 {Strongly threatening Bf4.} Ba8 (17... Qxd4 $14 18. Nxb7 (18. Qxc7 Bd6 $16) 18... Rxb7) 18. Rd1 Qd7 19. Be3 f5 20. f3 fxe4 21. fxe4 Nc8 (21... Bd6 $16) 22. Nc4 (22. Bh3 $1 $18) 22... Qb5 (22... Nd6 $14) 23. Bh3 $16 Nd6 24. Bxe6+ Kh8 25. Nxd6 cxd6 26. d5 Bf6 27. Qd3 Qxd3 28. Rxd3 Rxb2 29. Rxa6 Be5 {[#]} (29... h5 $142 30. Rxd6 Re2) 30. Rd2 (30. Bf4 $1 $18 {[%mdl 512]}) 30... Rxd2 (30... Rb1+ $16 31. Kg2 Bb7) 31. Bxd2 $18 Bd4+ 32. Kg2 $1 Bb7 $2 (32... Bc5 33. Bf4 Bb7) 33. Rxd6 Bc5 (33... h6 $142 34. Bf4 Re8) 34. Rd7 Bc8 35. Rf7 Bxe6 (35... Rxf7 $142 36. Bxf7 Bd4) 36. Rxf8+ Bxf8 37. dxe6 {[%mdl 4096] Endgame KB-KB} Be7 38. h4 Kg8 39. e5 Kf8 40. Kf3 Bc5 41. Be3 Bb4 {[#] intending ...Ke7.} 42. Ke4 $1 Be1 (42... Ke7 {might work better.} 43. Kd5 Be1) 43. Bc5+ Ke8 44. Kf4 h5 $2 {[#]} (44... g6 45. Kg5 Bxg3) 45. e7 $2 (45. g4 $1 $18 {[%cal Rg4h5]} hxg4 46. Kxg4) 45... Kf7 $2 {[%mdl 8192] [#]} (45... g6 $16 46. Kf3 Bc3) 46. e6+ $1 {White mates.} Ke8 (46... Kxe6 47. e8=Q+) 47. Bd6 g6 48. Kg5 Bb4 49. Bf4 Kxe7 50. Kxg6 Kxe6 51. Kxh5 Kf7 52. g4 Bc3 53. g5 Kg7 54. Kg4 Kg6 55. h5+ Kf7 56. Kf5 Bg7 57. Be5 Bf8 58. h6 Kg8 59. Kg6 {[%csl Gg6][%cal Rh6h7]} Bg7 60. h7+ {Accuracy: White = 59%, Black = 38%.} 1-0

[Event "Cesenatico Open 2019"]
[Site "Cesenatico"]
[Date "2019.09.03"]
[Round "3"]
[White "Djuric, Stefan"]
[Black "Damia, Angelo"]
[Result "1-0"]
[WhiteElo "2358"]
[BlackElo "2240"]
[Annotator "TA"]
[PlyCount "73"]
[EventDate "2019.08.09"]
[EventType "swiss"]
[EventCountry "ITA"]
[SourceTitle "playchess.com"]
[Source "ChessBase"]
[SourceQuality "1"]

{[%evp 15,73,22,27,30,93,97,117,91,77,71,118,114,118,83,122,130,141,135,134,139,141,116,105,106,130,124,241,222,208,115,115,125,130,109,112,111,216,219,200,222,215,191,198,202,260,250,268,207,282,286,258,257,272,262,504,499,473,505,504,500]} 1. d4 Nf6 2. c4 e6 3. Nc3 d5 4. Bg5 Be7 5. Nf3 Ne4 6. Bxe7 Qxe7 7. cxd5 Nxc3 8. bxc3 exd5 9. Qb3 {D53: Queen's Gambit Declined: 4 Bg5 Be7: Early deviations} O-O $146 (9... c6 $11 {remains equal.}) ({Predecessor:} 9... c6 10. e3 Nd7 11. Bd3 Nf6 12. O-O O-O 13. Qb4 Qxb4 14. cxb4 Bd7 15. Ne5 Rfc8 16. Rab1 Kf8 17. Rfc1 Ke7 18. f3 Be6 19. h4 h5 20. Kf2 Ne8 {½-½ (29) Zhou,J (2525)-Wu,W (2508) Suzhou 2006}) 10. Qxd5 $16 Be6 11. Qg5 {White is better.} Qa3 12. Qd2 Nc6 13. e3 Na5 {Threatening ...Nb3!} 14. Qc1 Qa4 15. Bd3 c5 16. O-O cxd4 17. cxd4 Rac8 18. Qd1 Qxd1 19. Rfxd1 Rc3 20. Ng5 Bg4 (20... g6 $16 21. Ne4 Rc6) 21. f3 Bd7 22. Rac1 ({Don't play} 22. Nxh7 $6 Re8 $16) ({White should play} 22. Bxh7+ $18 Kh8 23. Bd3) 22... Rfc8 23. Rxc3 Rxc3 24. Bxh7+ Kf8 25. Bd3 Ba4 (25... Ra3 $16 {was necessary.} 26. Rd2 f6) 26. Ne4 $18 Ra3 27. Rd2 Bc6 28. Kf2 Bd5 29. Bb1 b5 30. Nc5 Nc4 31. Re2 b4 32. e4 Bc6 33. Bd3 Bb5 34. e5 a5 $2 {[#]} (34... a6 35. d5 Rc3) 35. Rc2 {White is clearly winning.} Rc3 36. Rxc3 bxc3 37. a4 {Accuracy: White = 82%, Black = 27%.} 1-0

[Event "Cesenatico Open 2019"]
[Site "Cesenatico"]
[Date "2019.09.03"]
[Round "3"]
[White "Schacher, Gerd"]
[Black "Di Trapani, Davide"]
[Result "1/2-1/2"]
[WhiteElo "2311"]
[BlackElo "2181"]
[Annotator "TA"]
[PlyCount "23"]
[EventDate "2019.08.09"]
[EventType "swiss"]
[EventCountry "ITA"]
[SourceTitle "playchess.com"]
[Source "ChessBase"]
[SourceQuality "1"]

{[%evp 9,23,20,21,6,5,-2,34,0,-7,-27,-25,-27,-20,-32,-39,-30]} 1. Nf3 d5 2. g3 Bg4 3. Bg2 c6 4. c4 e6 5. O-O Nd7 6. Qb3 {A11: English Opening: 1...c6} (6. cxd5 cxd5 7. Nc3 Ngf6 8. d3 Bc5 9. h3 Bh5 10. e4 dxe4 11. dxe4 O-O 12. Qe2 Bxf3 13. Bxf3 Ne5 14. Rd1 Qb6 15. Bg2 Bd4 16. Bd2 {0-1 (40) Wagner,D (2564)-Nakamura,H (2781) Douglas 2017}) 6... Qb6 7. d3 dxc4 8. dxc4 $146 {White is slightly better.} ({Predecessor:} 8. Qxc4 Bxf3 9. Bxf3 Ne5 10. Qf4 Nxf3+ 11. Qxf3 Nf6 12. Nd2 Be7 13. Nc4 Qd8 {1-0 (56) Prohaszka,P (2586)-Velicka,P (2397) Aghios Kirykos 2015}) 8... Ngf6 9. Be3 Bc5 10. Bxc5 Nxc5 11. Qxb6 axb6 12. Nc3 1/2-1/2

[Event "Cesenatico Open 2019"]
[Site "Cesenatico"]
[Date "2019.09.03"]
[Round "3"]
[White "Dragojlovic, Andjelko"]
[Black "Tonetto, Federico"]
[Result "1-0"]
[WhiteElo "2293"]
[BlackElo "1916"]
[Annotator "NA"]
[PlyCount "117"]
[EventDate "2019.08.09"]
[EventType "swiss"]
[EventCountry "ITA"]
[SourceTitle "playchess.com"]
[Source "ChessBase"]
[SourceQuality "1"]
[TimeControl "5400+30"]

1. Nf3 {[%clk} Nf6 {[%clk} 2. d4 {[%clk} g6 {[%clk} 3. Nc3 {[%clk} d5 {[%clk} 4. Bg5 {[%clk} Bg7 5. Bxf6 {[%clk} Bxf6 {[%clk} 6. e4 dxe4 {[%clk} 7. Nxe4 {[%clk} Bg7 8. Bc4 O-O {[%clk} 9. c3 {[%clk} Nc6 {[%clk} 10. O-O {[%clk} e5 {[%clk} 11. dxe5 {[%clk} Qxd1 {[%clk} 12. Raxd1 {[%clk} Nxe5 {[%clk} 13. Nxe5 Bxe5 {[%clk} 14. Rfe1 {[%clk} Bg7 15. Ng5 Bf6 {[%clk} 16. f4 {[%clk} Bf5 {[%clk} 17. h3 {[%clk} h5 {[%emt 0:44:30]} 18. Kf2 {[%clk} Kg7 {[%clk} 19. Kf3 {[%clk} h4 {[%emt 0:03:00]} 20. Bd3 {[%clk} Bxg5 {[%emt 0:07:30]} 21. Bxf5 {[%clk} Bf6 {[%clk} 22. Be4 {[%emt 0:59:00]} Rad8 {[%emt 0:04:00]} 23. f5 {[%emt 0:00:00]} b6 {[%emt 0:03:30]} 24. Bc2 {[%emt 0:00:00]} Rxd1 {[%emt 0:01:30]} 25. Rxd1 {[%emt 0:00:00]} Rd8 {[%emt 0:00:00]} 26. Rxd8 {[%emt 0:00:00]} Bxd8 {[%emt 0:01:00]} 27. Ke4 {[%emt 0:00:00]} Be7 {[%emt 0:00:30]} 28. Kd5 {[%emt 0:00:00]} Bd6 {[%emt 0:06:30]} 29. b4 {[%emt 0:14:30]} Kf6 {[%emt 0:01:30]} 30. fxg6 {[%emt 0:00:00]} fxg6 {[%emt 0:00:30]} 31. b5 {[%emt 0:00:00]} g5 {[%emt 0:05:30]} 32. c4 {[%emt 0:00:00]} Ke7 33. Bf5 {[%emt 0:00:00]} Bf4 {[%emt 0:05:00]} 34. Kc6 {[%emt 0:00:00]} Be5 35. a4 {[%emt 0:00:00]} Bf4 {[%emt 0:01:00]} 36. Bg4 Be5 37. Be2 {[%emt 0:00:00]} Bf4 {[%emt 0:01:00]} 38. c5 Be3 {[%emt 0:03:32]} 39. Bd3 {[%emt 0:00:00]} Bxc5 {[%emt 0:00:00]} 40. a5 {[%emt 0:00:00]} Kd8 {[%emt 0:11:21]} 41. Bf5 Be3 {[%emt 0:00:00]} 42. a6 {[%emt 0:00:00]} Bf4 {[%emt 0:00:00]} 43. Kb7 {[%emt 0:00:00]} c5 {[%emt 0:01:17]} 44. bxc6 {[%emt 0:00:00]} b5 {[%emt 0:00:00]} 45. c7+ {[%emt 0:00:00]} Bxc7 {[%emt 0:01:30]} 46. Kxa7 {[%emt 0:32:46]} Be5 47. Kb7 {[%emt 0:00:00]} Bd4 {[%emt 0:02:10]} 48. a7 {[%emt 0:00:00]} Bxa7 {[%emt 0:00:03]} 49. Kxa7 {[%emt 0:00:00]} Ke7 50. Kb6 {[%emt 0:00:00]} Kf6 {[%emt 0:00:00]} 51. Bc2 g4 {[%emt 0:02:11]} 52. hxg4 {[%emt 0:00:00]} Kg5 {[%emt 0:00:00]} 53. Bd1 {[%emt 0:00:00]} b4 {[%emt 0:00:57]} 54. Kc5 b3 {[%emt 0:00:30]} 55. Bxb3 {[%emt 0:00:00]} Kxg4 {[%emt 0:00:00]} 56. Be6+ {[%emt 0:00:00]} Kg3 {[%emt 0:00:27]} 57. Bh3 {[%emt 0:00:00]} Kf4 58. Kd4 {[%emt 0:00:00]} Kg5 {[%emt 0:00:00]} 59. Ke4 {[%emt 0:00:00]} 1-0

[Event "Cesenatico Open 2019"]
[Site "Cesenatico"]
[Date "2019.09.03"]
[Round "3"]
[White "Loiacono, Antonio"]
[Black "Genocchio, Daniele"]
[Result "1/2-1/2"]
[WhiteElo "2282"]
[BlackElo "2354"]
[Annotator "TA"]
[PlyCount "38"]
[EventDate "2019.08.09"]
[EventType "swiss"]
[EventCountry "ITA"]
[SourceTitle "playchess.com"]
[Source "ChessBase"]
[SourceQuality "1"]

{[%evp 10,38,21,14,17,22,11,0,0,0,0,0,0,-27,-18,-50,0,-26,0,0,0,0,0,0,0,0,0,0,0,0,0]} 1. e4 e6 2. d4 d5 3. Nc3 Bb4 4. exd5 exd5 5. Bd3 Nf6 6. Nge2 O-O {C01: French: Exchange Variation} 7. a3 (7. Bg5 Re8 8. O-O c6 9. h3 h6 10. Bh4 Be7 11. Bg3 Bd6 12. Qd2 Ne4 13. Bxe4 dxe4 14. Rad1 f5 15. d5 Bxg3 16. fxg3 {1-0 (29) Lagarde,M (2626)-Edouard,R (2650) Chartres 2019}) 7... Bd6 8. Bg5 c6 9. Qd2 Nbd7 10. f3 $146 ({Predecessor:} 10. Ng3 Re8+ 11. Kf1 Nb6 12. b3 a5 13. Nh5 Be7 14. Nxf6+ Bxf6 {½-½ (43) Armanda,I (2389)-Bukal,V (2402) Zagreb 2011}) 10... Re8 11. g4 b5 12. h4 Nf8 13. O-O-O b4 14. axb4 {The position is equal.} Bxb4 15. Kb1 Rb8 16. Qf4 Bd6 17. Qd2 $1 Bb4 18. Qf4 Bd6 19. Qd2 $1 Bb4 {Accuracy: White = 71%, Black = 79%.} 1/2-1/2

[Event "Cesenatico Open 2019"]
[Site "Cesenatico"]
[Date "2019.09.03"]
[Round "3"]
[White "Mrdja, Milan"]
[Black "Carbone, Stefano"]
[Result "1/2-1/2"]
[WhiteElo "2279"]
[BlackElo "2138"]
[Annotator "NA"]
[PlyCount "44"]
[EventDate "2019.08.09"]
[EventType "swiss"]
[EventCountry "ITA"]
[SourceTitle "playchess.com"]
[Source "ChessBase"]
[SourceQuality "1"]
[TimeControl "5400+30"]

1. e4 {[%clk} c6 {[%clk} 2. d4 {[%clk} d5 {[%clk} 3. f3 {[%clk} Qb6 {[%clk} 4. Nc3 {[%clk} dxe4 {[%clk} 5. Nxe4 {[%clk} Nf6 {[%clk} 6. Nxf6+ {[%clk} exf6 {[%clk} 7. c3 {[%clk} Be6 {[%clk} 8. Ne2 {[%emt 0:45:00]} Bd6 {[%clk} 9. b3 {[%emt 0:03:30]} Qc7 {[%clk} 10. g3 {[%emt 0:01:30]} O-O {[%clk} 11. Bg2 {[%emt 0:02:30]} Re8 {[%emt 0:52:30]} 12. O-O {[%emt 0:00:30]} Na6 {[%clk} 13. Bf4 {[%emt 0:10:30]} Rad8 {[%clk} 14. Qc2 {[%emt 0:00:30]} c5 {[%clk} 15. Bxd6 Rxd6 {[%clk} 16. Rad1 {[%emt 0:04:00]} Red8 17. Qc1 {[%emt 0:08:30]} b5 {[%emt 0:00:00]} 18. dxc5 {[%emt 0:09:44]} Qxc5+ {[%emt 0:00:30]} 19. Kh1 {[%emt 0:00:10]} g6 {[%emt 0:08:30]} 20. Rxd6 {[%emt 0:00:00]} Qxd6 {[%emt 0:03:30]} 21. Nd4 {[%emt 0:05:59]} Nc7 {[%emt 0:00:30]} 22. Re1 {[%emt 0:02:48]} Bd7 {[%emt 0:09:30]} 1/2-1/2

[Event "Cesenatico Open 2019"]
[Site "Cesenatico"]
[Date "2019.09.03"]
[Round "3"]
[White "Dittmar, Peter"]
[Black "Di Benedetto, Edoardo"]
[Result "0-1"]
[WhiteElo "2259"]
[BlackElo "2405"]
[Annotator "TA"]
[PlyCount "54"]
[EventDate "2019.08.09"]
[EventType "swiss"]
[EventCountry "ITA"]
[SourceTitle "playchess.com"]
[Source "ChessBase"]
[SourceQuality "1"]

{[%evp 11,62,22,25,27,31,17,21,16,24,19,15,20,18,18,31,33,18,12,62,56,67,49,66,44,43,47,43,39,64,39,50,45,37,0,0,0,0,-115,-84,-219,-206,-206,-172,-183,-85,-74,-88,-86,-75,-124,-125,-804,-792]} 1. d4 d5 2. c4 e6 3. Nc3 Be7 4. cxd5 exd5 5. Bf4 c6 6. Qc2 Bd6 7. Bxd6 {D31: Queen's Gambit Declined: Semi-Slav without ...Nf6 (+ Marshall Gambit and Noteboom) and Exchange Variation lines without ...Nf6} Qxd6 8. e3 Ne7 9. Bd3 {The position is equal.} b6 10. Nf3 Ba6 11. O-O Bxd3 12. Qxd3 O-O 13. Rac1 (13. e4 Nd7 14. Rfe1 Rfe8 {0-1 (27) Nakamura,H (2780)-Topalov,V (2749) Saint Louis 2017}) 13... Nd7 {[#]} 14. Rfd1 $146 ({Predecessor:} 14. Qa6 Rac8 {½-½ (71) Szabo,G (2563)-Jojua,D (2591) Heraklio 2017}) 14... f5 15. Ne2 a5 16. Nf4 Ng6 17. Nxg6 Qxg6 18. Rc3 Rac8 19. Rdc1 Qd6 20. Qc2 {[%cal Rc3c6]} c5 21. dxc5 bxc5 22. Nd4 f4 23. exf4 Rxf4 24. Nb3 (24. Nf3 $11 {remains equal.}) 24... c4 {[#] ...Rcf8 is the strong threat.} 25. Qd2 (25. g3 $17 Rff8 26. Nd4) 25... Rcf8 $19 26. Rxc4 Rxf2 27. Rc6 {[#]} Qe5 {Played: Qd6xc6} 0-1

[Event "Cesenatico Open 2019"]
[Site "Cesenatico"]
[Date "2019.09.03"]
[Round "3"]
[White "Dobboletta, Alex"]
[Black "Friedrich, Norbert"]
[Result "1/2-1/2"]
[WhiteElo "2176"]
[BlackElo "2306"]
[Annotator "NA"]
[PlyCount "53"]
[EventDate "2019.08.09"]
[EventType "swiss"]
[EventCountry "ITA"]
[SourceTitle "playchess.com"]
[Source "ChessBase"]
[SourceQuality "1"]
[TimeControl "5400+30"]

1. d4 {[%clk} Nf6 {[%clk} 2. c4 {[%clk} e6 {[%clk} 3. Nf3 {[%clk} d5 {[%clk} 4. e3 {[%clk} c5 5. a3 {[%clk} dxc4 {[%clk} 6. Bxc4 a6 {[%clk} 7. dxc5 {[%clk} Bxc5 {[%clk} 8. Qxd8+ Kxd8 {[%clk} 9. b4 {[%clk} Bd6 {[%clk} 10. Bb2 {[%clk} Ke7 {[%clk} 11. Ke2 {[%clk} b5 {[%clk} 12. Bd3 {[%clk} Bb7 {[%clk} 13. Nbd2 {[%clk} Nbd7 {[%clk} 14. Rhc1 {[%clk} Rac8 {[%clk} 15. Nb3 Bxf3+ {[%emt 0:42:30]} 16. gxf3 {[%clk} Ne5 17. Bd4 {[%clk} Nxd3 {[%emt 0:08:00]} 18. Kxd3 {[%clk} e5 19. Bc5 {[%emt 0:41:30]} Rhd8 {[%emt 0:06:00]} 20. Ke2 {[%emt 0:18:30]} Nd7 {[%emt 0:03:30]} 21. Bxd6+ {[%emt 0:05:30]} Kxd6 {[%emt 0:00:00]} 22. Na5 {[%emt 0:00:30]} Ke6 {[%emt 0:17:00]} 23. Nc6 {[%emt 0:02:30]} Re8 {[%emt 0:00:00]} 24. Na7 {[%emt 0:06:30]} Rxc1 {[%emt 0:06:39]} 25. Rxc1 Nb8 {[%emt 0:00:30]} 26. Nc6 {[%emt 0:02:00]} Kd7 {[%emt 0:02:04]} 27. Na5 {[%emt 0:09:37]} 1/2-1/2

[Event "Cesenatico Open 2019"]
[Site "Cesenatico"]
[Date "2019.09.03"]
[Round "3"]
[White "Voltolini, Giuseppe"]
[Black "Stromboli, Carlo"]
[Result "0-1"]
[WhiteElo "2115"]
[BlackElo "2270"]
[Annotator "ChessBase"]
[PlyCount "98"]
[EventDate "2019.08.09"]
[EventType "swiss"]
[EventCountry "ITA"]
[SourceTitle "playchess.com"]
[Source "ChessBase"]
[SourceQuality "1"]
[TimeControl "5400+30"]

1. d4 {[%clk} Nf6 {[%clk} 2. c4 {[%clk} e6 {[%clk} 3. g3 {[%clk} d5 {[%clk} 4. Nf3 {[%clk} Bb4+ 5. Bd2 {[%clk} Bd6 {[%clk} 6. Qc2 c6 {[%clk} 7. Bg2 {[%clk} Nbd7 {[%clk} 8. c5 {[%clk} Bc7 {[%clk} 9. Bf4 {[%clk} O-O {[%clk} 10. Nbd2 {[%clk} Re8 {[%emt 0:52:00]} 11. Qc3 {[%emt 0:43:30]} e5 {[%emt 0:19:30]} 12. dxe5 {[%emt 0:05:30]} Ne4 {[%emt 0:07:02]} 13. Nxe4 {[%emt 0:09:30]} dxe4 {[%emt 0:00:22]} 14. Nd4 {[%emt 0:03:30]} Bxe5 {[%emt 0:06:21]} 15. Bxe5 Rxe5 {[%emt 0:00:25]} 16. Nb3 {[%emt 0:05:00]} Qe7 {[%emt 0:00:00]} 17. Rc1 {[%emt 0:00:30]} Nf6 {[%clk} 18. O-O {[%emt 0:29:53]} Rh5 {[%emt 0:11:43]} 19. Rfd1 {[%emt 0:00:00]} Be6 {[%emt 0:01:06]} 20. f3 {[%emt 0:00:00]} Re8 {[%emt 0:00:00]} 21. Nd4 {[%emt 0:00:00]} Nd7 {[%emt 0:01:29]} 22. Nxe6 {[%emt 0:00:00]} Qxe6 {[%emt 0:00:16]} 23. Rd6 {[%emt 0:00:00]} Qe7 {[%emt 0:00:00]} 24. b4 {[%emt 0:00:00]} Nf6 {[%clk} 25. Qd4 {[%emt 0:00:00]} exf3 {[%emt 0:01:26]} 26. Bxf3 Re5 {[%emt 0:00:16]} 27. b5 {[%emt 0:00:00]} cxb5 {[%emt 0:00:00]} 28. Rb1 {[%emt 0:00:00]} Ne4 {[%emt 0:00:00]} 29. Rxb5 {[%emt 0:06:28]} Ng5 {[%emt 0:01:55]} 30. Rb2 {[%emt 0:00:00]} Nxf3+ {[%emt 0:00:00]} 31. exf3 {[%emt 0:00:00]} Re1+ {[%emt 0:00:49]} 32. Kg2 {[%emt 0:01:29]} Qg5 {[%emt 0:00:40]} 33. Qf2 {[%emt 0:00:00]} Rc1 {[%emt 0:00:00]} 34. Rc2 {[%emt 0:00:00]} Rb1 {[%emt 0:01:05]} 35. Rcd2 {[%emt 0:01:19]} h6 {[%emt 0:00:14]} 36. Re2 {[%emt 0:00:00]} Rc8 {[%emt 0:00:00]} 37. Rc2 {[%emt 0:00:00]} Qe5 {[%emt 0:01:04]} 38. Rd7 {[%emt 0:01:43]} Rb5 {[%emt 0:00:39]} 39. Qe2 {[%emt 0:00:00]} Rcxc5 {[%emt 0:00:00]} 40. Qd3 {[%emt 0:00:00]} Rxc2+ {[%emt 0:00:52]} 41. Qxc2 g6 {[%emt 0:00:00]} 42. Rxb7 {[%emt 0:00:00]} Rxb7 43. Qc8+ {[%emt 0:00:00]} Kg7 {[%emt 0:00:00]} 44. Qxb7 Qe2+ {[%emt 0:00:00]} 45. Kh3 {[%emt 0:00:00]} Qxa2 46. g4 {[%emt 0:00:00]} a5 {[%emt 0:00:00]} 47. Kg3 a4 {[%emt 0:00:00]} 48. h4 {[%emt 0:00:00]} a3 {[%emt 0:00:00]} 49. h5 {[%emt 0:00:00]} Qb2 {[%emt 0:00:00]} 0-1

[Event "Cesenatico Open 2019"]
[Site "Cesenatico"]
[Date "2019.09.03"]
[Round "3"]
[White "Marzano, Carlo"]
[Black "Loiacono, Leonardo"]
[Result "1/2-1/2"]
[WhiteElo "2109"]
[BlackElo "2293"]
[Annotator "NA"]
[PlyCount "100"]
[EventDate "2019.08.09"]
[EventType "swiss"]
[EventCountry "ITA"]
[SourceTitle "playchess.com"]
[Source "ChessBase"]
[SourceQuality "1"]
[TimeControl "5400+30"]

1. d4 {[%clk} d5 {[%clk} 2. c4 {[%clk} e6 {[%clk} 3. Nc3 {[%clk} Be7 {[%clk} 4. Nf3 {[%clk} Nf6 {[%clk} 5. Bg5 {[%clk} h6 {[%clk} 6. Bh4 O-O {[%clk} 7. e3 {[%clk} Nbd7 {[%clk} 8. cxd5 Nxd5 {[%clk} 9. Bxe7 {[%clk} Qxe7 10. Rc1 {[%clk} Nxc3 {[%clk} 11. Rxc3 {[%clk} c6 12. a3 {[%clk} e5 {[%clk} 13. dxe5 Nxe5 {[%clk} 14. Nxe5 {[%clk} Qxe5 {[%clk} 15. Bd3 Be6 {[%clk} 16. Qe2 {[%emt 0:44:00]} f5 {[%clk} 17. O-O {[%emt 0:03:30]} Rad8 {[%clk} 18. Bc4 {[%emt 0:11:30]} Bxc4 19. Qxc4+ {[%emt 0:04:30]} Kh8 {[%clk} 20. Rc2 {[%clk} Rd5 {[%clk} 21. Qb4 {[%emt 0:16:00]} Rf7 {[%clk} 22. Rd2 {[%emt 0:00:30]} a5 {[%clk} 23. Rxd5 {[%emt 0:00:30]} Qxd5 24. Qc3 {[%emt 0:01:37]} Rd7 {[%clk} 25. h3 {[%emt 0:01:25]} Kh7 {[%clk} 26. Rc1 {[%emt 0:02:02]} Qd2 {[%clk} 27. Qc2 {[%clk} g6 {[%clk} 28. h4 {[%emt 0:07:14]} h5 {[%clk} 29. g3 {[%emt 0:00:30]} Rd5 {[%clk} 30. Kg2 {[%emt 0:00:12]} Kg7 31. Kg1 {[%emt 0:01:24]} Kf7 {[%clk} 32. Kg2 {[%clk} Ke7 {[%clk} 33. Kg1 {[%emt 0:02:20]} Kd6 {[%emt 0:49:30]} 34. Kg2 {[%emt 0:00:56]} c5 {[%emt 0:02:30]} 35. a4 {[%emt 0:01:09]} Qxc2 36. Rxc2 {[%emt 0:00:02]} Rd1 {[%emt 0:04:00]} 37. Kf3 {[%emt 0:00:00]} Ra1 {[%emt 0:00:00]} 38. b3 {[%emt 0:03:19]} Rb1 {[%emt 0:02:00]} 39. Rc3 {[%emt 0:00:12]} Rb2 {[%emt 0:00:30]} 40. Kf4 {[%emt 0:00:56]} Rxf2+ {[%emt 0:02:30]} 41. Kg5 {[%emt 0:00:02]} b6 {[%emt 0:03:30]} 42. Kxg6 {[%emt 0:00:00]} Rf3 {[%emt 0:00:30]} 43. Kf6 {[%emt 0:06:20]} Kd5 {[%emt 0:01:30]} 44. Rd3+ {[%emt 0:00:37]} Ke4 {[%clk} 45. Rd6 {[%emt 0:00:00]} Kxe3 {[%clk} 46. Rxb6 {[%emt 0:00:00]} Kd4 {[%emt 0:00:00]} 47. Rb5 Rxg3 {[%emt 0:00:00]} 48. Kxf5 {[%emt 0:00:00]} Rg4 {[%emt 0:34:46]} 49. Rxa5 {[%emt 0:00:00]} Rxh4 {[%emt 0:00:00]} 50. Ra8 {[%emt 0:00:00]} Kc3 {[%emt 0:00:00]} 1/2-1/2